000 01079cam a2200313 4500
001 ABS67051
008 030924n2003 000 0 eng u
035 _a(Sirsi) u123702
245 _aGermany: Expo Real 2003
260 _c2003
490 _aProperty Week
_v68(35) 5 September 2003, 41-52(8)
520 _aA series of articles which examine the German commercial property market as leading players in European property gather for Expo Real 2003 in Munich. The conference is broadening its remit away from Germany with a day dedicated to property investment in China.
590 _aABS
650 _aGERMANY
650 _aPROPERTY INVESTMENT
650 _aCHINA
650 _aOPEN-ENDED FUNDS
650 _aBERLIN
650 _aEUROPE
650 _aDUSSELDORF
650 _aFRANKFURT
650 _aHAMBURG
650 _aMUNICH
650 _aPROPERTY-COMMERCIAL PROPERTY-OFFICE PROPERTY-OFFICE PROPERTY MARKET
650 _aRENTAL LEVELS
650 _aVACANCY RATES
690 _aPROPERTY-COMMERCIAL PROPERTY-COMMERCIAL PROPERTY MARKET
942 _n0
999 _c73443
_d73443